A2 ICT Quiz Stats

Quiz not verified by Sporcle

Challenge
Share
Tweet
Embed
Score 0/9 Timer 10:00
0 Plays Today
Hint Answer % Correct
What type of shape should be used in a flowchart to show a decision?Diamond
82.4%
Name the 4th stage of the System Lifestyleimplementation
76.5%
What do you call the document that contains the plans for testing the system?Test Plan
64.7%
What does RAD stand for?Rapid Application Development
64.7%
What type of processing will carry out many similar related tasks at a time?Batch
64.7%
What type of diagram can be used instead of a Gantt Chart?Critical Path Analysis
58.8%
What document contains the objectives and purpose of the system?Requirements specification
47.1%
Who is responsible for the Analysis stage of the Lifecycle?Systems Analyst
41.2%
Name one of the types of prototypingThrow away
35.3%

You're not logged in!

Compare scores with friends on all Sporcle quizzes.
Sign Up with Email
OR
Log In

You Might Also Like...

Show Comments

Extras

Top Quizzes Today


Score Distribution

Your Account Isn't Verified!

In order to create a playlist on Sporcle, you need to verify the email address you used during registration. Go to your Sporcle Settings to finish the process.